[Event "Budapest Spring Festival 2018"]
[Site "Budapest"]
[Date "2018.04.22"]
[Round "5"]
[White "Kobo, Ori"]
[Black "Banusz, Tamas"]
[Result "0-1"]
[WhiteElo "2484"]
[BlackElo "2617"]
[Annotator "TA"]
[PlyCount "90"]
[EventDate "2018.??.??"]
[EventType "swiss"]
[EventCountry "HUN"]
[SourceTitle "playchess.com"]
[Source "ChessBase"]
[SourceQuality "1"]

{[%evp 22,90,4,0,-1,-28,-10,-10,-14,-21,-8,-47,-43,-37,-52,-52,-42,-39,-36,-70,-66,-95,-76,-104,-102,-112,-120,-127,-97,-120,-117,-112,-107,-113,-106,-113,-32,-29,-28,-32,-34,-43,-36,-47,0,0,0,-27,-42,-72,-84,-74,-74,-95,-106,-136,-131,-129,-129,-129,-129,-121,-122,-270,-270,-425,-425,-1629,-1097,-2774,-790]} 1. d4 d5 2. c4 e6 3. Nf3 Nf6 4. g3 dxc4 5. Bg2 a6 6. O-O Nc6 7. e3 Rb8 8. Qe2 {E04: Open Catalan: 5 Nf3} (8. Nfd2 e5 9. Bxc6+ bxc6 10. dxe5 Ng4 11. Nxc4 Be6 12. Nbd2 h5 13. f3 Rb4 14. fxg4 Bxc4 15. Nxc4 Qxd1 16. Rxd1 Rxc4 {1-0 (40) Ding,L (2777)-Mamedyarov,S (2799) Huaian 2017}) 8... b5 9. b3 cxb3 10. axb3 Be7 11. Bb2 O-O 12. Rc1 {LiveBook: 9 Games} Bb7 13. Ne1 Nb4 14. Bxb7 Rxb7 {[#]} 15. Nd2 $146 ({Predecessor:} 15. Na3 Qd5 {0-1 (33) Maletin,P (2581)-Matsenko,S (2531) St Petersburg 2015}) 15... c6 16. Nc2 Qb6 17. Nxb4 Bxb4 18. Nf3 Rc8 19. Ne5 a5 20. Nd3 Bf8 21. e4 Nd7 22. Qd2 Ra7 23. Rc2 b4 24. Qe3 Raa8 25. Kg2 Qb5 26. Rac1 a4 27. bxa4 Rxa4 28. Nf4 b3 ({Black should try} 28... Ra6 $17 29. Qd3 Qb7) 29. Rc3 $15 Rb8 {And now ...e5 would win.} 30. Rxc6 Ra2 31. Nd3 $1 Nb6 {...Na4 is the strong threat.} 32. Qf4 Re8 (32... Qxd3 33. Qxb8 Nd7 34. Qd8 $17) (32... Raa8 $5 {[%cal Rb5d3]} 33. Qf3 (33. Ne5 f6 $17) 33... Na4 $15) 33. Rc7 f6 {[%cal Bf7f6,Bf6f5,Bf5e4][%mdl 32]} 34. Qf3 Na4 $1 $36 {[%cal Ra4b2][%mdl 2048] Black has the initiative.} 35. Rb1 Bd6 36. Rcc1 {[%cal Bc7c1,Bc1d1,Bd1d5][%mdl 32]} Rb8 37. Rd1 f5 38. d5 Nxb2 39. Nxb2 Ba3 $1 40. dxe6 Rxb2 (40... Bxb2 $6 41. e7 $11) 41. e7 {[#] Strongly threatening Rd8+.} Re8 $1 {Threatens to win with ...fxe4.} ({Much worse is} 41... Rxb1 $6 42. Rd8+ Kf7 43. e8=Q+ Qxe8 44. Qxf5+ Ke7 45. Qg5+ Ke6 46. Qf5+ Ke7 47. Qg5+ Ke6 48. Qf5+ Ke7 $11) 42. Rd5 {[#]} (42. exf5 $17 {might work better.} Rxb1 43. Rxb1 Bxe7 44. Rxb3) 42... fxe4 $1 $19 43. Qf5 (43. Qh5 $142 g6 44. Rxb5 gxh5 45. Rxb2 Bxb2 46. Rxb3) 43... Qc6 {Black is clearly winning.} 44. Rc1 (44. Rd8 $142 e3+ 45. Kh3 Rxf2 46. Rxe8+ Qxe8 47. Qd5+ Rf7 48. Rxb3 Qc8+ 49. Kg2 Bxe7 50. Rxe3) 44... Rc2 (44... Qxc1 $2 {is the wrong capture.} 45. Rd8 $18) 45. Rd8 Bxe7 {Precision: White = 49%, Black = 75%.} 0-1

[Event "Budapest Spring Festival 2018"]
[Site "Budapest"]
[Date "2018.04.22"]
[Round "5"]
[White "Nagy, Gabor"]
[Black "Gupta, Abhijeet"]
[Result "0-1"]
[WhiteElo "2481"]
[BlackElo "2617"]
[Annotator "TA"]
[PlyCount "120"]
[EventDate "2018.??.??"]
[EventType "swiss"]
[EventCountry "HUN"]
[SourceTitle "playchess.com"]
[Source "ChessBase"]
[SourceQuality "1"]

{[%evp 19,120,7,0,0,1,8,8,0,0,0,0,0,0,0,0,7,0,13,0,0,0,0,0,0,0,0,0,0,0,0,0,0,22,-13,-8,0,0,0,-14,-24,36,0,0,0,0,6,0,0,52,53,114,87,120,149,141,39,49,35,46,15,39,8,90,0,0,0,0,0,0,0,0,0,0,0,0,0,0,0,0,0,0,0,78,0,0,0,0,-939,-32,-79,-20,-661,-643,-5089,-4134,-29975,-29976,-29982,-29983,-29983,-29984,-29982,-29979]} 1. Nf3 Nf6 {[%cal Bg8f6,Bf6d5,Bd5b4][%mdl 32]} 2. c4 g6 3. Nc3 d5 4. cxd5 Nxd5 5. Qc2 Nc6 6. d4 {A16: English Opening: 1...Nf6 with ...d5} Ndb4 7. Qa4 Bd7 8. Qd1 e5 9. dxe5 Bf5 10. Bg5 Be7 {LiveBook: 13 Games} 11. e4 Bg4 $1 12. Bxe7 Qxe7 13. a3 $146 Bxf3 14. gxf3 Rd8 15. Qa4 $1 (15. Qc1 Nxe5 16. axb4 Nxf3+ 17. Ke2 Nd4+ 18. Ke1 Nb3 $17) 15... Nd3+ $1 16. Bxd3 $1 Rxd3 17. Qb5 Rxf3 18. Qxb7 Nd8 $1 {[%cal Rd8b7]} 19. Qb4 Qh4 20. O-O-O a5 $1 {[%cal Ra5b4]} 21. Qb5+ Kf8 $1 22. Rd2 Ne6 23. Qe2 $1 {[%cal Re2f3]} Rh3 24. f4 $1 {[%cal Rf4f5]} Nxf4 25. Qc4 {Hoping for Rd7.} Rf3 26. Nd5 Nxd5 27. Qxd5 Kg7 28. e6 Re8 29. exf7 Rxf7 (29... Rxe4 $11 30. Kb1 a4) 30. Re2 Qf4+ 31. Kb1 Qe5 {...Qxd5 is the strong threat.} 32. Qc4 Rf4 {[%cal Rf4e4]} 33. Rd1 Re7 (33... Rxe4 $11 34. Rd7+ Kh6 35. Qc1+ g5 36. Rxe4 Qxe4+ 37. Ka1 Qe3 38. Qxc7 Qe1+ 39. Ka2 Qe6+ 40. Kb1 Qf5+ 41. Ka2 Re1) 34. Rd5 $1 $14 {[%cal Rd5e5]} Qe6 (34... Rf1+ $14 35. Ka2 Qe6) 35. Qc3+ $16 Qf6 36. Qxa5 c6 {[#]} 37. Rd1 (37. Rc5 $1 $16) 37... Rfxe4 $14 38. Rxe4 Rxe4 {[%mdl 4096] Endgame KQR-KQR} 39. Qd2 h5 40. Qd3 Rf4 (40... Qf5 $11) 41. Qe2 (41. Qd7+ $16 Kf8 42. Rd6 Rf1+ 43. Ka2 Qf7+ 44. Qe6 Qxe6+ 45. Rxe6) 41... Rf2 42. Rd7+ Kh6 43. Qe3+ $1 g5 {[%csl Gf2][%cal Rf6b2]} 44. Rd2 Rf1+ 45. Ka2 h4 46. a4 Qf7+ 47. b3 $1 Rf3 $36 {[%mdl 2048] White is under pressure.} 48. Qb6 $1 Kh5 49. Rc2 c5 50. Rxc5 Rf6 (50... Rf2+ $11 {remains equal.} 51. Ka3 Qe7) 51. Qb5 (51. Qd8 $16) 51... Rf2+ $11 52. Ka3 Qe7 53. a5 $2 {[%mdl 8192] [#]} (53. Qc6 $11) 53... Rxh2 $2 ({Black should play} 53... Rc2 $1 $19 {[%cal Rc2c5]} 54. Kb4 Qe1+ 55. Ka3 Qc1+ 56. Ka4 Rxc5 57. Qe2+ g4 58. Qe8+ Kg5 59. Qd8+ Kf5 60. Qf8+ Ke4) 54. Qc4 $15 Rf2 ({But not} 54... h3 55. Qc3 $11) ({Better is} 54... Re2 $17 {aiming for ...h3.} 55. Qc3 Re3 56. Qh8+ Kg4 57. Qd4+ Kg3) 55. a6 $2 {[%mdl 8192]} (55. Qd4 $11 Re2 56. b4) 55... h3 $19 {Strongly threatening ...h2.} 56. b4 Qf6 {( -> ...Qa1+)} 57. Ka4 h2 {Black mates.} 58. Qd5 Rf1 59. Rc6 Qa1+ 60. Kb5 h1=Q {Precision: White = 44%, Black = 53%.} 0-1

[Event "Budapest Spring Festival 2018"]
[Site "Budapest"]
[Date "2018.04.22"]
[Round "5"]
[White "Krzyzanowski, Marcin"]
[Black "Popov, Mikhail"]
[Result "1-0"]
[WhiteElo "2472"]
[BlackElo "2403"]
[Annotator "TA"]
[PlyCount "113"]
[EventDate "2018.??.??"]
[EventType "swiss"]
[EventCountry "HUN"]
[SourceTitle "playchess.com"]
[Source "ChessBase"]
[SourceQuality "1"]

{[%evp 20,113,15,27,40,47,51,51,33,21,14,9,19,20,25,-18,-17,-44,-36,-54,-55,-71,-64,-76,-76,-70,-76,-69,-34,-37,-31,-30,-31,-25,-20,-25,-15,-26,-13,-25,0,0,0,0,0,0,0,-34,-30,-40,-4,-8,-9,-22,4,8,19,0,0,0,0,0,15,15,39,39,39,65,166,156,566,566,694,668,977,818,1160,910,800,392,385,370,4974,1783,4914,4614,4921,4974,4914,4914,4598,4404,1826,1330,1133,1080]} 1. e4 e6 2. d4 d5 3. Bd3 dxe4 4. Bxe4 Nf6 5. Bf3 c5 6. Ne2 Nc6 {C01: French: Exchange Variation} 7. Be3 e5 (7... Nd5 8. Bxd5 Qxd5 9. Nbc3 Qxg2 10. Rg1 Qf3 11. Nb5 Rb8 12. dxc5 Bd7 13. Nc7+ Kd8 14. Nb5 {0-1 (54) Kramnik,V (2808)-Caruana,F (2808) Stavanger 2017}) 8. Bxc6+ bxc6 9. dxe5 Qxd1+ 10. Kxd1 Ng4 11. Nd2 {LiveBook: 28 Games} Nxe3+ 12. fxe3 Be7 13. Rf1 $146 ({Predecessor:} 13. Nf4 O-O 14. Ke2 {1-0 (64) Mellado Trivino,J (2450)-Barbero Sendic,A (2348) Lleida 2012}) 13... O-O 14. c4 Re8 15. e4 Bd8 16. Nf3 f5 17. Nc3 Ba5 {Threatening ...Bxc3.} 18. exf5 Bxf5 19. Ke2 Be6 20. Rfc1 Bxc4+ 21. Kf2 Bd3 22. Na4 c4 23. b3 Bc7 24. Re1 cxb3 25. axb3 Ba5 26. Re3 Bb5 27. Kg3 Rad8 28. h4 Re7 29. h5 Rde8 30. Nc3 Bb6 31. Ree1 Bd3 32. Ne4 Bc2 33. b4 Bb3 34. h6 Bd5 35. hxg7 Rxg7+ 36. Kh2 Bxe4 (36... Re6 $5 37. Nf6+ $8 Kh8 $11) 37. Rxe4 Re6 38. Rd1 Rh6+ 39. Rh4 Rxh4+ 40. Nxh4 $11 {[%mdl 4096] Endgame KRB-KRN} Rg4 41. Nf5 Re4 42. Ne7+ Kf8 43. Nxc6 Rc4 {[#]} (43... Bc7 $14) 44. b5 $1 $18 a5 $2 (44... Kf7 $16 45. Rd6 Bc5) 45. e6 {[%cal Be5e6,Be6e7][%mdl 32] Intending e7+ and mate.} Re4 46. e7+ Kf7 47. Rf1+ Kg7 48. Rf5 Bc7+ 49. g3 (49. Kh3 $142 Bd6 {[#]} 50. Ne5 $1 {[%mdl 512]} (50. Nxa5 Bxe7 51. Nc6 Kg6 $16) 50... Bxe7 51. Rf7+ Kh6 52. Rxe7) 49... Bd6 50. b6 a4 $2 (50... Bxe7 51. Rxa5 Re2+ 52. Kh3 Rb2 53. Nxe7 Rxb6) 51. Rd5 {White is clearly winning.} Re2+ 52. Kh3 Bxe7 53. b7 Rb2 54. b8=Q Rxb8 55. Nxb8 a3 56. Nc6 Bf6 57. Ra5 {Precision: White = 68%, Black = 39%.} 1-0

[Event "Budapest Spring Festival 2018"]
[Site "Budapest"]
[Date "2018.04.22"]
[Round "5"]
[White "Livaic, Leon"]
[Black "Papp, Gabor"]
[Result "1-0"]
[WhiteElo "2468"]
[BlackElo "2614"]
[Annotator "TA"]
[PlyCount "91"]
[EventDate "2018.??.??"]
[EventType "swiss"]
[EventCountry "HUN"]
[SourceTitle "playchess.com"]
[Source "ChessBase"]
[SourceQuality "1"]

{[%evp 22,91,79,53,79,82,85,77,87,87,102,89,90,90,98,89,116,106,106,106,106,115,107,112,118,106,110,87,106,113,102,97,118,80,91,82,79,84,90,89,140,119,164,138,141,160,216,134,131,78,81,80,119,82,102,71,469,311,553,548,630,595,816,814,773,742,951,811,1595,1594,1631,1606]} 1. d4 {[%cal Bd2d4,Bd4d5][%mdl 32]} d6 2. e4 Nf6 3. f3 g6 4. c4 c5 5. d5 Bg7 6. Nc3 O-O 7. Bg5 a6 8. a4 e6 9. Qd2 exd5 10. cxd5 Nbd7 11. Nh3 Re8 12. Nf2 {LiveBook: 9 Games. A65: Modern Benoni: 6 e4} Qe7 (12... Qa5 13. Ra3 Ne5 14. Be2 Bd7 15. Bxf6 Bxf6 16. f4 Ng4 17. Bxg4 Bxg4 18. Nxg4 Bxc3 19. Nf6+ Bxf6 20. Qxa5 Rxe4+ 21. Kf2 Rxf4+ 22. Rf3 Bd4+ 23. Kg3 Re4 24. Re1 b6 25. Qd2 Be5+ 26. Kh3 Rxa4 27. Rxe5 dxe5 28. Qg5 {1-0 (28) Kornyukov,A (2489)-Panarin,M (2526) Armavir 2011}) 13. Be2 Qf8 14. O-O {White is better.} Rb8 15. Rab1 Kh8 $146 ({Predecessor:} 15... h6 16. Be3 b6 17. f4 Qe7 18. Bd3 Bb7 19. Rbe1 Qd8 {1-0 (56) Priehoda,V (2380)-Petrik,K (2260) Slovakia 1996}) 16. Be3 Ng8 17. b4 b6 18. Nd3 {[%cal Bf2d3,Bd3b2,Bb2c4][%mdl 32]} Ra8 19. bxc5 bxc5 20. Nb2 f5 21. Nc4 Ne5 22. Nb6 Ra7 23. Nxc8 Rxc8 24. Rb6 Rca8 25. exf5 gxf5 26. Rfb1 Nf6 27. Nd1 {[%cal Bc3d1,Bd1b2,Bb2c4][%mdl 32]} (27. a5 {keeps more tension.} Nfd7 28. R6b3 c4 29. Rb4 Rc7 30. Na4) 27... Nfd7 28. Rb7 Rxb7 29. Rxb7 Qc8 30. Rb1 Nf6 (30... Ng6 $142) 31. Rb6 Nf7 32. Nb2 Nd7 33. Nc4 Qc7 (33... Nxb6 $16 {was necessary.} 34. Nxb6 Qg8) 34. Rb1 Nfe5 35. Qc2 ({Better is} 35. a5) 35... Nxc4 $16 36. Bxc4 Nb6 37. Bd2 Bd4+ 38. Kh1 {[#] And now Ba5 would win.} Rg8 $2 {[%mdl 8192]} (38... Nxc4 $16 {is a better chance.} 39. Qxc4 Rb8) 39. Bxa6 f4 $2 (39... Qa7 {was worth a try.}) 40. Ba5 $18 {White is clearly winning.} Rb8 41. Qe4 Qf7 {If Black can now play ...Re8 this consolidates a bit.} 42. Rxb6 Re8 43. Qb1 c4 44. Rb7 Qh5 45. Bxc4 Re5 46. h3 {Precision: White = 75%, Black = 41%.} 1-0

[Event "Budapest Spring Festival 2018"]
[Site "Budapest"]
[Date "2018.04.22"]
[Round "5"]
[White "Henderson de La Fuente, Lance"]
[Black "Zhigalko, Sergei"]
[Result "0-1"]
[WhiteElo "2459"]
[BlackElo "2608"]
[Annotator "TA"]
[PlyCount "133"]
[EventDate "2018.??.??"]
[EventType "swiss"]
[EventCountry "HUN"]
[SourceTitle "playchess.com"]
[Source "ChessBase"]
[SourceQuality "1"]

{[%evp 19,133,14,12,-4,0,0,0,-12,-12,-13,-13,-14,-11,-10,-15,-31,-34,-52,0,-28,-27,-27,-17,-18,-5,-1,-2,-16,-10,-25,-25,-35,-7,-41,-15,-41,-41,-41,-43,-36,-49,-47,-44,-41,-58,-57,-19,-22,-26,-33,-29,-41,-22,-22,-21,-30,-33,-25,-15,-44,-15,-344,-343,-449,-445,-411,-322,-478,-492,-463,-463,-593,-570,-11435,-5222,-29966,-29964,-29962,-29960,-29968,-29969,-29970,-29971,-29970,-29972,-29969,-29969,-29972,-29973,-29977,-29978,-29977,-29979,-29979,-29977,-29977,-29978,-29978,-29979,-29980,-29978,-29978,-29979,-29979,-29979,-29981,-29982,-29982,-29979,-29979,-29980,-29980,-29981,-29981,-29982,-29991]} 1. e4 c5 2. Nf3 Nc6 3. Bb5 e6 4. b3 Nd4 5. Nxd4 cxd4 6. O-O Ne7 {[%cal Bg8e7,Be7c6,Bc6e5][%mdl 32]} 7. c3 a6 8. Bd3 Nc6 9. Bb2 Bc5 {B30: Sicilian: 2...Nc6 3 Bb5, lines without ...g6} 10. Na3 O-O {LiveBook: 4 Games} 11. Nc2 {[%cal Rc3d4]} Ne5 {The position is equal.} 12. Qe2 dxc3 13. dxc3 b5 14. c4 $146 ({Predecessor:} 14. a4 Bb7 15. axb5 axb5 16. Bxb5 Rxa1 17. Bxa1 {½-½ (79) Yandemirov,V (2460)-Kurajica,B (2595) Ljubljana 1995}) 14... Nxd3 15. Qxd3 bxc4 16. Qxc4 Qg5 17. b4 Be7 18. Rad1 Rb8 (18... Bb7 $15) 19. f4 Qb5 20. Qxb5 Rxb5 21. a3 d6 22. Nd4 Rb6 $1 23. Nb3 Bd7 24. Na5 Bb5 25. Rfe1 Re8 26. Rd2 h6 27. Rc1 {[#]} e5 $1 {[%mdl 512]} 28. g3 (28. fxe5 Bg5) 28... exf4 29. gxf4 Bf8 30. Re1 {[#]} f5 $1 {[%mdl 512]} 31. Bd4 (31. exf5 Rxe1+) 31... Rbb8 32. e5 dxe5 33. Bxe5 Rbc8 34. Nb7 Rc4 {aiming for ...Rxf4!} 35. Kf2 g5 36. Nd6 Bxd6 $1 37. Rxd6 Kh7 38. a4 Rc2+ 39. Kg3 Bc6 40. Rxc6 $4 {[%mdl 8192]} (40. Rg1 $11 {and White stays safe.}) 40... Rxc6 $11 {[%mdl 4096] Endgame KRR-KRB} 41. b5 axb5 42. axb5 Rc2 43. Rd1 (43. Rf1 {was called for.}) 43... Ra8 $19 {( -> ...Ra3+)} 44. Rd3 Rca2 45. fxg5 hxg5 46. b6 R8a3 47. Rxa3 Rxa3+ {KR-KB. Black mates.} 48. Kf2 Rb3 49. Bd4 Kg6 50. Ke2 Kf7 51. Kd2 Ke6 52. Kc2 Rb5 53. Kc3 Kd5 54. Be3 f4 55. Bf2 g4 56. Kd3 Rb3+ 57. Kc2 Kc4 58. Bd4 Rb5 59. Bf2 Rd5 60. Bg1 Rd7 61. Bf2 Kb5 62. Bg1 Kc6 63. Bf2 Rh7 64. Bg1 g3 65. hxg3 fxg3 66. Kd3 Rh1 67. Kd4 {Precision: White = 29%, Black = 77%.} 0-1

[Event "Budapest Spring Festival 2018"]
[Site "Budapest"]
[Date "2018.04.22"]
[Round "5"]
[White "Grinberg, Eyal"]
[Black "Gonda, Laszlo"]
[Result "0-1"]
[WhiteElo "2452"]
[BlackElo "2510"]
[Annotator "TA"]
[PlyCount "120"]
[EventDate "2018.??.??"]
[EventType "swiss"]
[EventCountry "HUN"]
[SourceTitle "playchess.com"]
[Source "ChessBase"]
[SourceQuality "1"]

{[%evp 25,120,0,21,-18,-9,-16,-20,-25,0,-41,-29,-40,-7,-29,0,0,0,0,0,0,0,0,0,0,0,0,0,0,0,-52,-47,-65,-64,-68,-58,-58,-67,-60,-58,-56,-45,-32,-24,-24,-26,-35,-24,-97,0,-62,-41,-28,-22,-40,-4,-6,-8,-32,-14,-14,-15,-16,-16,-546,-473,-1058,-1009,-29965,-29967,-29965,-29965,-1790,-1162,-29977,-29979,-29978,-29980,-29980,-29981,-29983,-29984,-29987,-29977,-29985,-29981,-29987,-29988,-29991,-29989,-29989,-29990,-29990,-29987,-29987,-29988,-29995,-29996]} 1. e4 e5 2. Nf3 Nc6 3. Bb5 Nf6 4. O-O Nxe4 5. d4 Nd6 6. Bxc6 dxc6 7. dxe5 Nf5 8. Qxd8+ Kxd8 9. h3 Bd7 10. Nc3 h6 11. b3 Kc8 12. Bb2 b6 {C67: Ruy Lopez: Berlin Defence: 4 0-0 Nxe4} 13. Rad1 (13. Rfd1 c5 14. Nd5 a5 15. a4 Ne7 16. c4 Bf5 17. Ne3 Be6 18. Rd2 Kb7 19. Rad1 {0-1 (43) Zhigalko,S (2648)-Cheparinov,I (2703) Kocaeli 2017}) 13... Ne7 {LiveBook: 112 Games} 14. Kh2 c5 {The position is equal.} 15. g4 Be6 16. Ng1 $146 ({Predecessor:} 16. Kg3 Nc6 17. Nd5 a5 18. a4 Kb7 19. c4 g5 20. h4 gxh4+ 21. Nxh4 {½-½ (109) Ostrovskiy,A (2403)-Korley,K (2258) Arlington 2013}) 16... g5 17. Ne4 {[%cal Bc3e4,Be4f6,Bf6h5][%mdl 32]} Ng6 18. Ne2 Kb7 19. Nf6 a5 20. f4 gxf4 21. Nh5 a4 {Threatens to win with ...axb3.} (21... f3 {with more complications.} 22. Nef4 Nxf4 23. Nxf4 a4 24. Rxf3 axb3 25. axb3 Ra2) 22. Nexf4 Nxf4 23. Nxf4 axb3 24. axb3 Ra2 $36 {[%mdl 2048] Black is more active.} 25. Nxe6 fxe6 26. Rb1 Be7 27. Rf2 (27. Kg3 $1 $11) 27... h5 {Hoping for ...hxg4.} 28. gxh5 Rxh5 29. Bc3 Bh4 30. Re2 Rf5 31. Ra1 Rxa1 32. Bxa1 $15 {[%mdl 4096] Endgame KRB-KRB} b5 33. Bc3 b4 34. Bd2 Kc6 35. Kg2 Kd5 36. Be1 (36. Be3 $11) 36... Bg5 ({Black should try} 36... Bxe1 $17 37. Rxe1 c4) 37. Bg3 (37. h4 $11 Bf4 38. Kh3) 37... c4 38. bxc4+ Kxc4 39. Re4+ Kc3 {...Bd2 is the strong threat.} 40. Be1+ $1 Kxc2 {And now ...b3 would win.} 41. Rxb4 Kd3 42. Bg3 Be3 43. Rb8 c5 {aiming for ...c4.} 44. Rd8+ $2 {[%mdl 8192] [#]} (44. Rb6 $11 {and White stays safe.}) 44... Bd4 $1 $19 45. Rd6 (45. h4 $142 c4 46. Be1) 45... c4 46. Rxe6 c3 47. Rc6 c2 48. e6 Rf6 ({Inferior is} 48... Rc5 49. Rxc5 Bxc5 50. Bf4 $11) 49. h4 {[#]} Rxe6 $1 {[%mdl 512] Black mates.} 50. Rxe6 c1=Q 51. Re1 Qc6+ 52. Kh2 Qf3 53. Rb1 Kc2 54. Rb4 Be3 55. Rc4+ Kd3 56. Rc7 Bg1+ 57. Kh3 Bf2 {[%csl Gf2][%cal Rf3g3]} 58. Rg7 Qh1+ 59. Bh2 Qf1+ 60. Rg2 Ke4 {Precision: White = 45%, Black = 62%.} 0-1

[Event "Budapest Spring Festival 2018"]
[Site "Budapest"]
[Date "2018.04.22"]
[Round "5"]
[White "Abdumalik, Zhansaya"]
[Black "Kotronias, Vasilios"]
[Result "1-0"]
[WhiteElo "2443"]
[BlackElo "2509"]
[Annotator "TA"]
[PlyCount "93"]
[EventDate "2018.??.??"]
[EventType "swiss"]
[EventCountry "HUN"]
[SourceTitle "playchess.com"]
[Source "ChessBase"]
[SourceQuality "1"]

{[%evp 15,93,11,25,27,19,-2,36,4,11,0,65,46,161,108,102,32,35,35,51,52,100,96,124,141,112,112,196,86,172,175,405,398,345,298,622,597,514,389,736,769,687,597,594,595,1092,452,435,447,446,441,436,412,428,420,412,411,479,352,575,281,382,174,178,153,644,634,29977,29978,29977,29979,29976,29976,29986,29987,29987,29988,29988,29989,29990,29989]} 1. e4 c5 2. Nf3 d6 3. d4 cxd4 4. Nxd4 Nf6 5. Nc3 a6 6. h3 b5 7. g4 {B90: Sicilian Najdorf: Unusual White 6th moves, 6 Be3 Ng4 and 6 Be3 e5} (7. a4 b4 8. Nd5 e6 9. Nxf6+ Qxf6 10. g3 e5 11. Nf5 Bb7 12. Bg2 d5 13. Ne3 d4 14. Nd5 Bxd5 15. exd5 Bc5 16. O-O {½-½ (16) Volokitin,A (2639)-Sarana,A (2577) Batumi 2018}) 7... Bb7 8. Bg2 Nc6 {LiveBook: 4 Games} 9. Nxc6 {White has an edge.} (9. g5 {is interesting.} Nd7 10. Be3 Nce5 11. O-O e6 12. f4) 9... Bxc6 10. O-O g6 $146 ({Predecessor:} 10... e6 11. Re1 Nd7 12. Bf4 Ne5 13. Qd4 Qf6 14. Bxe5 dxe5 15. Qb6 Bd7 16. Rad1 Qd8 17. Qb7 Rb8 18. Qa7 {½-½ (18) Legemaat,G (2377)-Vohl,G (2385) ICCF email 2015}) 11. Be3 Rc8 12. a4 bxa4 (12... b4 $11 13. Nd5 Bxd5 14. exd5 a5) 13. Nxa4 $14 Bb5 ({Better is} 13... Nd7 $14) 14. Re1 (14. e5 $18 Nd7 15. Re1) 14... Nd7 $16 15. Qd4 (15. e5 $16) 15... Rg8 $14 16. Qd2 Bg7 17. Ra3 Bxa4 18. Rxa4 Bxb2 {...Bc3 is the strong threat.} 19. c4 $1 $36 {[%mdl 2048] White is on the roll.} Bg7 20. Rxa6 Nc5 (20... Kf8 $16) 21. Ra2 (21. Ra7 $18 {and White stays clearly on top.}) 21... Ne6 (21... Qc7 $16) 22. g5 $18 {[%cal Bg4g5,Bg5h6,Bh6h7][%mdl 32]} h6 $2 (22... Kf8) 23. gxh6 Bf6 24. f4 Qc7 $2 (24... Rh8 25. Rb1 Kf8) 25. Ra7 Qd8 26. Rb1 g5 $2 (26... Kf8 27. Rb5 Rh8) 27. h7 Rh8 28. fxg5 Be5 {[#]} 29. g6 $1 Rb8 (29... fxg6 30. Qd5) 30. gxf7+ (30. Rf1 $142) 30... Kf8 31. Rf1 Rxh7 32. Bh6+ Bg7 33. Bxg7+ Nxg7 34. Kh2 Qb6 35. Ra5 Qc7 36. Rb5 Rc8 $2 (36... Ne6 {was called for.} 37. e5 dxe5 38. Rxb8+ Qxb8) 37. e5 (37. Rd5 $142) 37... dxe5 38. Rd5 (38. Rb7 $142 Qxc4 39. Qg5) 38... e4+ 39. Kg1 $1 {Black must now prevent Qd4.} Nh5 $2 (39... e6 $16 40. Qb4+ (40. Bxe4 exd5 41. Bxh7 Qg3+ 42. Qg2 Qxg2+ 43. Kxg2 dxc4 $14) 40... Qe7 41. Qxe7+ Kxe7) 40. Qg5 {[%csl Gf7][%cal Rg5g8]} Qg3 {[#] intending ...Rg7.} 41. Qf5 $1 {White mates.} Qe3+ {[#]} 42. Kh2 $1 Qg3+ 43. Kh1 {[%cal Bh2h1,Bh1g1,Bg1f2,Bf2e2][%mdl 32]} Qb8 44. Qxh7 {[%cal Rh7h8]} Ng3+ 45. Kg1 {[%cal Rh7h8]} Ne2+ 46. Kf2 {[%csl Gf7][%cal Rh7g8]} Qb6+ 47. Kxe2 {Precision: White = 57%, Black = 22%.} 1-0

[Event "Budapest Spring Festival 2018"]
[Site "Budapest"]
[Date "2018.04.22"]
[Round "5"]
[White "Tica, Sven"]
[Black "Bernadskiy, Vitaliy"]
[Result "0-1"]
[WhiteElo "2442"]
[BlackElo "2584"]
[Annotator "TA"]
[PlyCount "104"]
[EventDate "2018.??.??"]
[EventType "swiss"]
[EventCountry "HUN"]
[SourceTitle "playchess.com"]
[Source "ChessBase"]
[SourceQuality "1"]

{[%evp 21,104,-9,0,-10,-7,-2,0,-62,-57,-64,-51,-55,-41,-38,-18,-30,-23,-98,-95,-89,-73,-100,-91,-97,-98,-107,-103,-108,-93,-85,-85,-90,0,0,0,0,0,0,4,0,0,0,6,14,18,17,7,0,0,0,0,0,0,2,30,0,0,0,0,0,0,0,0,0,0,0,0,0,0,0,0,0,0,-75,-71,-137,-134,-307,-306,-393,-389,-396,-387,-509,-475]} 1. d4 Nf6 2. Nf3 b6 3. g3 Bb7 4. Bg2 g6 5. O-O Bg7 6. c4 O-O 7. Nc3 Ne4 8. Bd2 {A50: Queen's Fianchetto Defence (1 d4 Nf6 2 c4 b6)} e6 9. Qc2 (9. Rc1 c5 10. d5 exd5 11. cxd5 Nxd2 12. Nxd2 d6 13. Nc4 Ba6 14. b3 b5 15. Nd2 {0-1 (29) So,W (2815)-Carlsen,M (2832) chess.com INT 2017}) 9... Nxd2 10. Qxd2 d6 11. e4 Nd7 {LiveBook: 5 Games} 12. Rfd1 $146 ({Predecessor:} 12. d5 Qe7 13. Nd4 a5 14. dxe6 fxe6 15. Bh3 Ne5 {0-1 (44) Lubczynski,R (2429)-Chigaev,M (2555) Katowice 2017}) 12... a6 13. Rac1 b5 {[%cal Bb6b5,Bb5b4][%mdl 32]} 14. Qd3 ({White should try} 14. Qe2 $11) 14... b4 $1 $15 {[%cal Rb4c3]} 15. Ne2 c5 16. Qe3 Qe7 17. Rd2 Rfc8 18. b3 Qf8 {And now ...Bh6 would win.} 19. Ne1 (19. Rcd1 $11) 19... cxd4 $17 20. Nxd4 e5 $36 {[%mdl 2048] Black is really pushing.} 21. Ne2 Bh6 22. f4 Re8 $1 23. Nd3 {[%cal Be1d3,Bd3f2,Bf2e4][%mdl 32]} a5 24. Nf2 f5 25. Qd3 exf4 26. Nxf4 fxe4 (26... Bxf4 $17 27. gxf4 Nc5 28. Qxd6 fxe4) 27. Nxe4 $11 Bxf4 28. gxf4 Qxf4 29. Rf1 Qe5 {[%cal Rb7e4]} 30. Qxd6 Bxe4 31. Qxe5 Nxe5 32. Bxe4 Rad8 33. Bd5+ Kg7 34. Re2 Nd3 35. Rd2 Re3 36. Rf3 Re1+ 37. Kg2 $1 Nc5 38. Kf2 Re7 {White must now prevent ...Ne4+.} 39. Re3 Rf8+ 40. Ke2 Rfe8 (40... Ra7 {feels hotter.} 41. Bc6 Rf6 42. Bb5 Rf5 43. Re8 a4) 41. Rxe7+ Rxe7+ {[%mdl 4096] Endgame KRB-KRN} 42. Kf2 a4 43. bxa4 Nxa4 44. Bf3 Rc7 45. Rc2 Kf6 46. Ke3 Ke5 47. Be4 (47. h4 $11 {remains equal.}) 47... Nc3 $17 48. Bf3 (48. Bd3 $142) 48... Rxc4 49. Rd2 $2 {[#]} (49. Kf2 $17 {was necessary.}) 49... Rh4 $1 $19 50. Rc2 Rh3 51. Rg2 Kf6 52. Kf4 {[#]} h5 $1 {Precision: White = 44%, Black = 80%.} 0-1